000 00695nam a2200289Ia 4500
005 20260324142730.0
008 008 260324s9999 xx 000 0 eng d
020 _a9780203206478
037 _aEBOOK
040 _aCRL
040 _beng
040 _cCRL
041 _2eng
041 _aeng
084 _qCRL
100 _aS.L. Tsohatzidis
_91162718
245 0 _aFoundations of Speech Act Theory
245 0 _bPhilosophical and Linguistic Perspectives
260 _bTaylor and Francis
260 _c1994
365 _a
365 _b540
856 _uhttp://www.taylorfrancis.com/books/9780203206478
942 _cEBOOK
999 _c1817570
_d1817570